Estructuralismo y psicoanálisis
Guardat en:
| Autors principals: | , , , , , |
|---|---|
| Format: | Llibre |
| Idioma: | espanyol |
| Publicat: |
Buenos Aires
Eds. Nueva Visión
1970
|
| Col·lecció: | Colección el pensamiento estructuralista, 8
|
| Matèries: | |
| Etiquetes: |
Afegir etiqueta
Sense etiquetes, Sigues el primer a etiquetar aquest registre!
|
MARC
| LEADER | 00000nam a2200000 a 4500 | ||
|---|---|---|---|
| 001 | UCY0747 | ||
| 003 | CL-VaPUC | ||
| 008 | 940811e19700000AG |||||||||||||||||spa|d | ||
| 082 | 0 | 4 | |a 149.96 |b ALT |2 21 |
| 100 | 0 | |a Althusser, Louis |e author |9 328570 | |
| 700 | 0 | |a Baudoux, Louis |e author |9 328571 | |
| 700 | 0 | |a Corvez, Maurice |e author |9 328572 | |
| 700 | |a Green, André |e author |9 601562 | ||
| 700 | 0 | |a Lagadec, Claude |e author |9 328574 | |
| 700 | 0 | |a Melli, Claudia |e author |9 328575 | |
| 245 | 1 | 0 | |a Estructuralismo y psicoanálisis |
| 300 | |a 217 p | ||
| 942 | |c BK | ||
| 945 | |d 19940811 00:00:00 |a rbrito | ||
| 260 | |a Buenos Aires |b Eds. Nueva Visión |c 1970 | ||
| 650 | 7 | |a ESTRUCTURALISMO FILOSOFIA |2 CL-VaPUC |9 317948 | |
| 650 | 0 | |a Psicoanálisis |9 265702 | |
| 583 | |a last modification |c 19940811 00:00:00 |k Rodrigo Vera | ||
| 490 | 0 | |a Colección el pensamiento estructuralista, 8 | |
| 999 | |c 229671 |d 229669 | ||
| 952 | |0 0 |1 0 |4 0 |6 149_960000000000000_ALT_1970 |7 0 |8 A |9 231090 |a BIBEDU |b BIBEDU |d 2019-11-15 |i 1582712 |l 2 |m 8 |o 149.96 ALT 1970 |p 1582712 |r 2025-03-04 |s 2025-01-13 |w 2019-11-15 |y BK |k FIL | ||
| 952 | |0 0 |1 0 |4 0 |6 149_960000000000000_ALT_1970 |7 0 |8 A |9 231091 |a BIBHIS |b BIBHIS |d 2019-11-15 |i 2910780 |o 149.96 ALT 1970 |p 2910780 |r 2025-01-20 |w 2019-11-15 |y BK |k HIS | ||